[Event "DEM U12w 2024"]
[Site "Willingen GER"]
[Date "2024.05.20"]
[Round "3"]
[White "Tischlinger, Lara"]
[Black "Chen, Yueyi"]
[Result "0-1"]
[Termination "normal"]
[Board "1"]
[WhiteElo "1584"]
[BlackElo "1795"]
[WhiteClock "00:32:59"]
[BlackClock "00:45:38"]
[PlyCount "116"]
[WhiteFideId "34663401"]
[BlackFideId "34653902"]
[EventCountry "GER"]
[EventRounds "9"]
[EventType "swiss"]
[EventDate "2024.05.18"]

1. e4 {[%clk 01:30:57]} {[%emt 00:00:02]} c5 {[%clk 01:30:55]} {[%emt
00:00:05]} 2. c3 {[%clk 01:31:19]} {[%emt 00:00:08]} Nf6 {[%clk 01:31:17]}
{[%emt 00:00:08]} 3. e5 {[%clk 01:31:42]} {[%emt 00:00:08]} Nd5 {[%clk
01:31:42]} {[%emt 00:00:05]} 4. Bc4 {[%clk 01:32:04]} {[%emt 00:00:09]} Nb6
{[%clk 01:31:28]} {[%emt 00:00:44]} 5. Bb3 {[%clk 01:32:25]} {[%emt 00:00:09]}
d6 {[%clk 01:31:02]} {[%emt 00:00:56]} 6. exd6 {[%clk 01:32:44]} {[%emt
00:00:10]} Qxd6 {[%clk 01:30:34]} {[%emt 00:00:58]} 7. Nf3 {[%clk 01:32:58]}
{[%emt 00:00:16]} Bf5 {[%clk 01:29:33]} {[%emt 00:01:32]} 8. O-O {[%clk
01:33:03]} {[%emt 00:00:24]} Bd3 {[%clk 01:26:27]} {[%emt 00:03:36]} 9. Re1
{[%clk 01:32:24]} {[%emt 00:01:09]} c4 {[%clk 01:24:27]} {[%emt 00:02:30]} 10.
Bc2 {[%clk 01:32:02]} {[%emt 00:00:51]} Nc6 {[%clk 01:23:53]} {[%emt 00:01:04]}
11. b3 {[%clk 01:30:10]} {[%emt 00:02:23]} Qg6 {[%clk 01:19:41]} {[%emt
00:04:41]} 12. Na3 {[%clk 01:18:29]} {[%emt 00:12:12]} e6 {[%clk 01:16:16]}
{[%emt 00:03:53]} 13. Bxd3 {[%clk 01:15:54]} {[%emt 00:03:05]} cxd3 {[%clk
01:15:18]} {[%emt 00:01:29]} 14. Nb5 {[%clk 01:15:06]} {[%emt 00:01:19]} Rc8
{[%clk 01:14:25]} {[%emt 00:01:22]} 15. Bb2 {[%clk 01:12:38]} {[%emt 00:02:58]}
Nd5 {[%clk 01:13:00]} {[%emt 00:01:55]} 16. Nh4 {[%clk 01:04:20]} {[%emt
00:08:48]} Qg5 {[%clk 01:09:53]} {[%emt 00:03:36]} 17. Nf3 {[%clk 01:03:10]}
{[%emt 00:01:40]} Qf5 {[%clk 01:07:27]} {[%emt 00:02:56]} 18. Nfd4 {[%clk
00:54:08]} {[%emt 00:09:32]} Nxd4 {[%clk 01:06:00]} {[%emt 00:01:57]} 19. Nxd4
{[%clk 00:52:54]} {[%emt 00:01:44]} Qg6 {[%clk 01:05:45]} {[%emt 00:00:44]} 20.
Qf3 {[%clk 00:51:21]} {[%emt 00:02:03]} Be7 {[%clk 01:03:41]} {[%emt 00:02:35]}
21. c4 {[%clk 00:48:46]} {[%emt 00:03:06]} Nb4 {[%clk 00:58:58]} {[%emt
00:05:12]} 22. Qxb7 {[%clk 00:47:39]} {[%emt 00:01:38]} Rd8 {[%clk 00:56:39]}
{[%emt 00:02:48]} 23. Qxa7 {[%clk 00:32:53]} {[%emt 00:15:15]} Qg4 {[%clk
00:42:59]} {[%emt 00:14:10]} 24. a3 {[%clk 00:28:03]} {[%emt 00:05:21]} Nc2
{[%clk 00:40:54]} {[%emt 00:02:35]} 25. Nxc2 {[%clk 00:27:56]} {[%emt
00:00:37]} dxc2 {[%clk 00:41:18]} {[%emt 00:00:06]} 26. Qa4+ {[%clk 00:26:41]}
{[%emt 00:01:45]} Kf8 {[%clk 00:40:40]} {[%emt 00:01:09]} 27. Bc3 {[%clk
00:25:35]} {[%emt 00:01:37]} Bf6 {[%clk 00:38:11]} {[%emt 00:02:59]} 28. Bb4+
{[%clk 00:23:55]} {[%emt 00:02:10]} Kg8 {[%clk 00:37:40]} {[%emt 00:01:00]} 29.
Rac1 {[%clk 00:22:26]} {[%emt 00:01:57]} Qf5 {[%clk 00:35:43]} {[%emt
00:02:28]} 30. Qa5 {[%clk 00:19:33]} {[%emt 00:03:23]} Qd3 {[%clk 00:29:36]}
{[%emt 00:06:37]} 31. Re3 {[%clk 00:17:17]} {[%emt 00:02:46]} Qg6 {[%clk
00:29:06]} {[%emt 00:01:00]} 32. Bc3 {[%clk 00:16:51]} {[%emt 00:00:52]} Bg5
{[%clk 00:28:34]} {[%emt 00:01:05]} 33. Ree1 {[%clk 00:12:37]} {[%emt
00:04:42]} h6 {[%clk 00:27:23]} {[%emt 00:01:44]} 34. Qe5 {[%clk 00:09:58]}
{[%emt 00:03:06]} Bf6 {[%clk 00:25:49]} {[%emt 00:02:07]} 35. Qe3 {[%clk
00:09:28]} {[%emt 00:00:59]} Rd3 {[%clk 00:22:26]} {[%emt 00:03:54]} 36. Qb6
{[%clk 00:03:12]} {[%emt 00:06:46]} Bxc3 {[%clk 00:17:43]} {[%emt 00:05:13]}
37. dxc3 {[%clk 00:03:34]} {[%emt 00:00:08]} Rxc3 {[%clk 00:17:51]} {[%emt
00:00:22]} 38. Qb4 {[%clk 00:01:51]} {[%emt 00:02:12]} Qf6 {[%clk 00:16:39]}
{[%emt 00:01:43]} 39. c5 {[%clk 00:00:52]} {[%emt 00:01:29]} g6 {[%clk
00:14:04]} {[%emt 00:03:04]} 40. Qb8+ {[%clk 00:00:37]} {[%emt 00:00:46]} Kh7
{[%clk 00:14:12]} {[%emt 00:00:21]} 41. Qe5 {[%clk 00:00:54]} {[%emt 00:00:13]}
Qxe5 {[%clk 00:14:08]} {[%emt 00:00:35]} 42. Rxe5 {[%clk 00:01:18]} {[%emt
00:00:06]} Rd8 {[%clk 00:14:32]} {[%emt 00:00:06]} 43. Ree1 {[%clk 00:01:28]}
{[%emt 00:00:20]} Rd2 {[%clk 00:13:34]} {[%emt 00:01:28]} 44. Kf1 {[%clk
00:01:28]} {[%emt 00:00:30]} Rxb3 {[%clk 00:12:21]} {[%emt 00:01:43]} 45. Re2
{[%clk 00:29:46]} {[%emt 00:02:11]} Rd1+ {[%clk 00:42:04]} {[%emt 00:00:48]}
46. Re1 {[%clk 00:29:45]} {[%emt 00:00:31]} Rb1 {[%clk 00:41:32]} {[%emt
00:01:02]} 47. Rexd1 {[%clk 00:29:04]} {[%emt 00:01:09]} cxd1=Q+ {[%emt
00:00:17]} 48. Rxd1 {[%clk 00:29:28]} {[%emt 00:00:05]} Rxd1+ {[%clk 00:42:11]}
{[%emt 00:00:07]} 49. Ke2 {[%clk 00:29:51]} {[%emt 00:00:07]} Rc1 {[%emt
00:00:17]} 50. Kd3 {[%clk 00:30:06]} {[%emt 00:00:02]} Rxc5 {[%clk 00:43:04]}
{[%emt 00:00:04]} 51. Kd4 {[%clk 00:30:23]} {[%emt 00:00:14]} Ra5 {[%clk
00:43:27]} {[%emt 00:00:06]} 52. Ke4 {[%clk 00:31:12]} {[%emt 00:00:14]} Rxa3
{[%clk 00:44:14]} {[%emt 00:00:09]} 53. Ke5 {[%clk 00:31:35]} {[%emt 00:00:08]}
Kg7 {[%clk 00:44:26]} {[%emt 00:00:18]} 54. Kf4 {[%clk 00:31:51]} {[%emt
00:00:14]} f5 {[%clk 00:44:44]} {[%emt 00:00:13]} 55. Ke5 {[%clk 00:32:07]}
{[%emt 00:00:13]} Kf7 {[%clk 00:45:07]} {[%emt 00:00:08]} 56. Kd4 {[%clk
00:32:25]} {[%emt 00:00:12]} Ke7 {[%clk 00:45:31]} {[%emt 00:00:06]} 57. Ke5
{[%clk 00:32:47]} {[%emt 00:00:09]} Ra4 {[%clk 00:45:46]} {[%emt 00:00:15]} 58.
g4 {[%clk 00:32:59]} {[%emt 00:00:17]} Re4# {[%clk 00:45:38]} {[%emt 00:00:06]}
0-1

[Event "DEM U12w 2024"]
[Site "Willingen GER"]
[Date "2024.05.20"]
[Round "3"]
[White "Fettan, Nua"]
[Black "Schirmbeck, Lilian"]
[Result "1/2-1/2"]
[Termination "normal"]
[Board "2"]
[BlackTitle "WCM"]
[WhiteElo "1601"]
[BlackElo "1790"]
[WhiteClock "00:21:01"]
[BlackClock "00:04:30"]
[PlyCount "94"]
[WhiteFideId "34637362"]
[BlackFideId "34620532"]
[EventCountry "GER"]
[EventRounds "9"]
[EventType "swiss"]
[EventDate "2024.05.18"]

1. e4 {[%clk 01:30:59]} {[%emt 00:00:01]} c5 {[%clk 01:30:56]} {[%emt
00:00:04]} 2. Nc3 {[%clk 01:31:22]} {[%emt 00:00:07]} g6 {[%clk 01:31:22]}
{[%emt 00:00:05]} 3. f4 {[%clk 01:31:43]} {[%emt 00:00:09]} Bg7 {[%clk
01:31:31]} {[%emt 00:00:20]} 4. Nf3 {[%clk 01:32:00]} {[%emt 00:00:13]} Nh6
{[%clk 01:31:19]} {[%emt 00:00:42]} 5. d3 {[%clk 01:31:57]} {[%emt 00:00:34]}
f5 {[%clk 01:29:42]} {[%emt 00:02:07]} 6. e5 {[%clk 01:27:24]} {[%emt
00:05:03]} Nc6 {[%clk 01:27:23]} {[%emt 00:02:48]} 7. Qe2 {[%clk 01:20:25]}
{[%emt 00:07:30]} Nd4 {[%clk 01:15:51]} {[%emt 00:12:02]} 8. Qd1 {[%clk
01:13:45]} {[%emt 00:07:08]} O-O {[%clk 01:06:41]} {[%emt 00:09:41]} 9. Be3
{[%clk 01:10:16]} {[%emt 00:03:58]} Ng4 {[%clk 01:03:13]} {[%emt 00:03:59]} 10.
Bg1 {[%clk 01:02:13]} {[%emt 00:08:34]} d6 {[%clk 00:41:51]} {[%emt 00:21:53]}
11. h3 {[%clk 00:59:02]} {[%emt 00:03:41]} Nxf3+ {[%clk 00:39:34]} {[%emt
00:02:46]} 12. Qxf3 {[%clk 00:59:06]} {[%emt 00:00:25]} Nh6 {[%clk 00:39:53]}
{[%emt 00:00:12]} 13. Qe3 {[%clk 00:44:01]} {[%emt 00:15:35]} b6 {[%clk
00:35:18]} {[%emt 00:05:05]} 14. d4 {[%clk 00:41:24]} {[%emt 00:03:08]} cxd4
{[%clk 00:34:04]} {[%emt 00:01:44]} 15. Qxd4 {[%clk 00:39:48]} {[%emt
00:02:05]} dxe5 {[%clk 00:33:34]} {[%emt 00:01:00]} 16. fxe5 {[%clk 00:33:37]}
{[%emt 00:06:41]} Nf7 {[%clk 00:30:13]} {[%emt 00:03:51]} 17. Qd5 {[%clk
00:32:57]} {[%emt 00:01:10]} Rb8 {[%clk 00:28:44]} {[%emt 00:02:00]} 18. Bh2
{[%clk 00:30:35]} {[%emt 00:02:52]} e6 {[%clk 00:27:59]} {[%emt 00:01:16]} 19.
Qb5 {[%clk 00:26:32]} {[%emt 00:04:32]} Qc7 {[%clk 00:24:48]} {[%emt 00:03:39]}
20. O-O-O {[%clk 00:25:12]} {[%emt 00:01:52]} Bxe5 {[%clk 00:23:19]} {[%emt
00:01:58]} 21. Bxe5 {[%clk 00:24:23]} {[%emt 00:01:19]} Qxe5 {[%clk 00:23:24]}
{[%emt 00:00:25]} 22. Qb3 {[%clk 00:23:32]} {[%emt 00:01:15]} a6 {[%clk
00:20:16]} {[%emt 00:03:45]} 23. Bc4 {[%clk 00:21:49]} {[%emt 00:02:13]} b5
{[%clk 00:20:05]} {[%emt 00:00:41]} 24. Bd3 {[%clk 00:21:08]} {[%emt 00:01:11]}
Qc5 {[%clk 00:16:31]} {[%emt 00:04:03]} 25. Rhe1 {[%clk 00:18:53]} {[%emt
00:02:46]} e5 {[%clk 00:14:54]} {[%emt 00:02:08]} 26. Na4 {[%clk 00:18:02]}
{[%emt 00:01:21]} Qc7 {[%clk 00:14:42]} {[%emt 00:00:41]} 27. Nc3 {[%clk
00:18:02]} {[%emt 00:00:31]} Bb7 {[%clk 00:14:00]} {[%emt 00:01:12]} 28. Nd5
{[%clk 00:15:26]} {[%emt 00:03:06]} Bxd5 {[%clk 00:14:01]} {[%emt 00:00:29]}
29. Qxd5 {[%clk 00:15:34]} {[%emt 00:00:22]} e4 {[%clk 00:13:37]} {[%emt
00:00:54]} 30. Bf1 {[%clk 00:15:31]} {[%emt 00:00:30]} Rbc8 {[%clk 00:13:06]}
{[%emt 00:01:03]} 31. Rd2 {[%clk 00:14:16]} {[%emt 00:01:46]} Rfd8 {[%clk
00:13:13]} {[%emt 00:00:23]} 32. Qb3 {[%clk 00:13:43]} {[%emt 00:01:01]} Rxd2
{[%clk 00:13:19]} {[%emt 00:00:26]} 33. Kxd2 {[%clk 00:13:45]} {[%emt
00:00:28]} Qd6+ {[%clk 00:13:02]} {[%emt 00:00:45]} 34. Kc1 {[%clk 00:13:34]}
{[%emt 00:00:31]} Rd8 {[%clk 00:13:16]} {[%emt 00:00:29]} 35. Qe3 {[%clk
00:12:52]} {[%emt 00:01:07]} Qd5 {[%clk 00:12:08]} {[%emt 00:01:41]} 36. b3
{[%clk 00:11:58]} {[%emt 00:01:26]} Qe5 {[%clk 00:12:20]} {[%emt 00:00:17]} 37.
Kb1 {[%clk 00:12:06]} {[%emt 00:00:23]} Qd5 {[%clk 00:07:11]} {[%emt 00:05:37]}
38. Be2 {[%clk 00:11:21]} {[%emt 00:01:17]} Qc6 {[%clk 00:05:10]} {[%emt
00:02:32]} 39. Rd1 {[%clk 00:08:59]} {[%emt 00:02:46]} Rc8 {[%clk 00:05:21]}
{[%emt 00:00:25]} 40. Rd2 {[%clk 00:08:54]} {[%emt 00:00:35]} g5 {[%clk
00:04:10]} {[%emt 00:01:41]} 41. Qd4 {[%clk 00:08:23]} {[%emt 00:00:57]} f4
{[%clk 00:03:12]} {[%emt 00:01:31]} 42. Bh5 {[%clk 00:06:26]} {[%emt 00:02:21]}
e3 {[%clk 00:26:26]} {[%emt 00:07:22]} 43. Re2 {[%clk 00:33:38]} {[%emt
00:03:18]} Kf8 {[%clk 00:09:31]} {[%emt 00:17:26]} 44. Qd3 {[%clk 00:31:50]}
{[%emt 00:02:17]} Qf6 {[%clk 00:04:50]} {[%emt 00:05:11]} 45. Re1 {[%clk
00:25:44]} {[%emt 00:06:35]} Kg7 {[%clk 00:04:30]} {[%emt 00:00:51]} 46. Rf1
{[%clk 00:23:37]} {[%emt 00:02:31]} Rd8 {[%emt 00:02:46]} 47. Qe4 {[%clk
00:21:01]} {[%emt 00:01:31]} a5 {[%emt 00:03:25]} 1/2-1/2

[Event "DEM U12w 2024"]
[Site "Willingen GER"]
[Date "2024.05.20"]
[Round "3"]
[White "Komar, Valerie"]
[Black "Stiehler, Mara"]
[Result "1-0"]
[Termination "normal"]
[Board "3"]
[WhiteElo "1769"]
[BlackElo "1739"]
[WhiteClock "00:17:36"]
[BlackClock "00:06:44"]
[PlyCount "119"]
[WhiteFideId "34139664"]
[BlackFideId "34621199"]
[EventCountry "GER"]
[EventRounds "9"]
[EventType "swiss"]
[EventDate "2024.05.18"]

1. e4 {[%clk 01:30:58]} {[%emt 00:00:01]} e6 {[%clk 01:30:57]} {[%emt
00:00:04]} 2. d4 {[%clk 01:31:25]} {[%emt 00:00:03]} d5 {[%clk 01:31:23]}
{[%emt 00:00:04]} 3. e5 {[%clk 01:31:52]} {[%emt 00:00:03]} c5 {[%clk
01:31:47]} {[%emt 00:00:06]} 4. c3 {[%clk 01:32:19]} {[%emt 00:00:03]} Qb6
{[%clk 01:32:12]} {[%emt 00:00:05]} 5. Nf3 {[%clk 01:32:37]} {[%emt 00:00:12]}
Nc6 {[%clk 01:32:31]} {[%emt 00:00:11]} 6. a3 {[%clk 01:33:03]} {[%emt
00:00:04]} Nh6 {[%clk 01:32:45]} {[%emt 00:00:16]} 7. b4 {[%clk 01:33:28]}
{[%emt 00:00:05]} cxd4 {[%clk 01:33:08]} {[%emt 00:00:07]} 8. cxd4 {[%clk
01:33:55]} {[%emt 00:00:03]} Nf5 {[%clk 01:33:29]} {[%emt 00:00:08]} 9. Be3
{[%clk 01:34:20]} {[%emt 00:00:04]} Bd7 {[%clk 01:32:36]} {[%emt 00:01:24]} 10.
Nc3 {[%clk 01:34:31]} {[%emt 00:00:19]} Nxe3 {[%clk 01:30:26]} {[%emt
00:02:41]} 11. fxe3 {[%clk 01:34:54]} {[%emt 00:00:06]} Nxb4 {[%clk 01:29:23]}
{[%emt 00:01:33]} 12. axb4 {[%clk 01:17:02]} {[%emt 00:18:22]} Bxb4 {[%clk
01:29:36]} {[%emt 00:00:17]} 13. Rc1 {[%clk 01:14:46]} {[%emt 00:02:45]} Qa5
{[%clk 01:29:25]} {[%emt 00:00:40]} 14. Qb3 {[%clk 01:06:36]} {[%emt 00:08:39]}
Rc8 {[%clk 01:27:47]} {[%emt 00:02:10]} 15. Kd2 {[%clk 01:02:39]} {[%emt
00:04:26]} O-O {[%clk 01:26:44]} {[%emt 00:01:34]} 16. Bd3 {[%clk 01:00:54]}
{[%emt 00:02:15]} Rc7 {[%clk 01:20:31]} {[%emt 00:06:42]} 17. Ng1 {[%clk
01:00:35]} {[%emt 00:00:49]} Rfc8 {[%clk 01:18:21]} {[%emt 00:02:41]} 18. Nge2
{[%clk 01:00:46]} {[%emt 00:00:20]} Bb5 {[%clk 01:15:13]} {[%emt 00:03:39]} 19.
Bxb5 {[%clk 00:58:51]} {[%emt 00:02:25]} Qxb5 {[%clk 01:15:31]} {[%emt
00:00:12]} 20. Rb1 {[%clk 00:54:23]} {[%emt 00:04:59]} Bxc3+ {[%clk 01:11:03]}
{[%emt 00:04:58]} 21. Nxc3 {[%clk 00:53:13]} {[%emt 00:01:40]} Qa5 {[%clk
01:09:52]} {[%emt 00:01:40]} 22. Rhc1 {[%clk 00:52:13]} {[%emt 00:01:29]} Rc6
{[%clk 01:08:21]} {[%emt 00:02:01]} 23. Ra1 {[%clk 00:48:45]} {[%emt 00:03:58]}
Qd8 {[%clk 00:54:27]} {[%emt 00:14:24]} 24. g3 {[%clk 00:33:50]} {[%emt
00:15:25]} a6 {[%clk 00:50:20]} {[%emt 00:04:36]} 25. Ne2 {[%clk 00:31:38]}
{[%emt 00:02:42]} b5 {[%clk 00:43:37]} {[%emt 00:07:14]} 26. Qb4 {[%clk
00:28:10]} {[%emt 00:03:58]} h6 {[%clk 00:41:03]} {[%emt 00:03:05]} 27. Rxc6
{[%clk 00:25:41]} {[%emt 00:02:59]} Rxc6 {[%clk 00:41:16]} {[%emt 00:00:17]}
28. Rc1 {[%clk 00:23:56]} {[%emt 00:02:15]} Rc4 {[%clk 00:37:31]} {[%emt
00:04:14]} 29. Rxc4 {[%clk 00:19:07]} {[%emt 00:05:20]} dxc4 {[%clk 00:36:55]}
{[%emt 00:01:05]} 30. e4 {[%clk 00:17:35]} {[%emt 00:02:03]} Qd7 {[%clk
00:33:16]} {[%emt 00:04:04]} 31. Ke3 {[%clk 00:15:52]} {[%emt 00:02:15]} f6
{[%clk 00:31:02]} {[%emt 00:02:45]} 32. Qd6 {[%clk 00:15:28]} {[%emt 00:00:55]}
Qxd6 {[%clk 00:27:20]} {[%emt 00:04:13]} 33. exd6 {[%clk 00:15:54]} {[%emt
00:00:04]} Kf8 {[%clk 00:27:25]} {[%emt 00:00:24]} 34. Nf4 {[%clk 00:14:21]}
{[%emt 00:02:04]} Kf7 {[%clk 00:24:40]} {[%emt 00:03:15]} 35. d7 {[%clk
00:14:44]} {[%emt 00:00:08]} Ke7 {[%clk 00:24:20]} {[%emt 00:00:50]} 36. Nxe6
{[%clk 00:15:06]} {[%emt 00:00:08]} Kxd7 {[%clk 00:24:40]} {[%emt 00:00:09]}
37. Nc5+ {[%clk 00:15:32]} {[%emt 00:00:04]} Ke7 {[%clk 00:20:36]} {[%emt
00:04:34]} 38. Nxa6 {[%clk 00:15:57]} {[%emt 00:00:05]} Kd6 {[%clk 00:20:12]}
{[%emt 00:00:54]} 39. Nb4 {[%clk 00:16:08]} {[%emt 00:00:19]} h5 {[%clk
00:18:12]} {[%emt 00:02:30]} 40. h4 {[%clk 00:15:50]} {[%emt 00:00:48]} g5
{[%clk 00:16:27]} {[%emt 00:02:15]} 41. Nc2 {[%clk 00:14:42]} {[%emt 00:01:37]}
Kc6 {[%clk 00:14:31]} {[%emt 00:02:26]} 42. Na3 {[%clk 00:12:24]} {[%emt
00:02:48]} c3 {[%clk 00:11:41]} {[%emt 00:03:21]} 43. d5+ {[%clk 00:12:26]}
{[%emt 00:00:28]} Kc5 {[%clk 00:11:15]} {[%emt 00:00:56]} 44. d6 {[%clk
00:12:51]} {[%emt 00:00:05]} Kxd6 {[%clk 00:08:57]} {[%emt 00:02:47]} 45. Nxb5+
{[%clk 00:13:18]} {[%emt 00:00:04]} Ke5 {[%clk 00:08:03]} {[%emt 00:01:24]} 46.
Nxc3 {[%clk 00:13:24]} {[%emt 00:00:23]} gxh4 {[%clk 00:07:38]} {[%emt
00:00:55]} 47. gxh4 {[%clk 00:13:48]} {[%emt 00:00:06]} f5 {[%clk 00:07:39]}
{[%emt 00:00:29]} 48. exf5 {[%clk 00:13:36]} {[%emt 00:00:42]} Kxf5 {[%clk
00:07:55]} {[%emt 00:00:14]} 49. Kf3 {[%clk 00:14:02]} {[%emt 00:00:05]} Ke5
{[%clk 00:07:21]} {[%emt 00:01:03]} 50. Ne4 {[%clk 00:14:25]} {[%emt 00:00:08]}
Kf5 {[%clk 00:07:33]} {[%emt 00:00:17]} 51. Ng3+ {[%clk 00:14:50]} {[%emt
00:00:06]} Kg6 {[%clk 00:07:11]} {[%emt 00:00:52]} 52. Kf4 {[%clk 00:15:15]}
{[%emt 00:00:05]} Kg7 {[%clk 00:05:02]} {[%emt 00:02:39]} 53. Kg5 {[%clk
00:15:33]} {[%emt 00:00:13]} Kg8 {[%clk 00:04:56]} {[%emt 00:00:35]} 54. Kg6
{[%clk 00:15:43]} {[%emt 00:00:19]} Kh8 {[%clk 00:04:55]} {[%emt 00:00:31]} 55.
Nxh5 {[%clk 00:16:01]} {[%emt 00:00:12]} Kg8 {[%clk 00:05:19]} {[%emt
00:00:06]} 56. Nf4 {[%clk 00:16:03]} {[%emt 00:00:28]} Kh8 {[%clk 00:05:34]}
{[%emt 00:00:15]} 57. h5 {[%clk 00:16:30]} {[%emt 00:00:03]} Kg8 {[%clk
00:05:58]} {[%emt 00:00:05]} 58. h6 {[%clk 00:16:56]} {[%emt 00:00:03]} Kh8
{[%clk 00:06:23]} {[%emt 00:00:06]} 59. Nh3 {[%clk 00:17:13]} {[%emt 00:00:13]}
Kg8 {[%clk 00:06:44]} {[%emt 00:00:08]} 60. Ng5 {[%clk 00:17:36]} {[%emt
00:00:08]} 1-0